| 000 | 00719nam a2200217 a 4500 | ||
|---|---|---|---|
| 001 | 000024174 | ||
| 005 | 20200930022800.0 | ||
| 008 | 110119s1964 sp r 000 f spa d | ||
| 040 |
_aDO-SdBNP _bspa _cBNPHU |
||
| 082 |
_a863.64 _bF363s |
||
| 100 | 1 |
_aFernández Flórez, W., _949642 |
|
| 245 | 1 | 3 |
_aEl secreto de barra azul / _cW. Fernández Flórez. |
| 260 |
_aBarcelona : _bPlaneta, _c1964. |
||
| 300 |
_a318, [1] p. ; _c19 cm. |
||
| 490 | 1 | _aAutores españoles contemporáneos. | |
| 504 | _aIncluye referencias bibliográficas y notas al pie de las páginas. | ||
| 650 | 4 |
_aNovela española _91123 |
|
| 650 | 4 |
_aLiteratura española _9632 |
|
| 830 | 0 |
_aAutores españoles contemporáneos. _94154 |
|
| 049 | _aBNGR | ||
| 999 |
_c23668 _d23668 |
||